[Event "Titled Tuesday intern op 4th Aug 10am"]
[Site "Chess.com INT"]
[Date "2020.08.04"]
[Round "1"]
[White "Rego, Vinicius Vilela"]
[Black "Yashmetov, Mikhail"]
[Result "1-0"]
[WhiteElo "2301"]
[BlackElo "2298"]
[PlyCount "107"]
[EventDate "2020.08.04"]
[EventType "swiss (blitz)"]
[EventRounds "10"]
[EventCountry "USA"]
[SourceTitle "CBM 197 Extra"]
[Source "ChessBase"]
[SourceDate "2020.09.30"]
[SourceVersion "1"]
[SourceVersionDate "2020.09.30"]
[SourceQuality "1"]

1. d4 Nf6 2. c4 g6 3. Nc3 d5 4. cxd5 Nxd5 5. g3 Bg7 6. Bg2 Nxc3 7. bxc3 0-0 8. e3 c5 9. Ne2 cxd4 10. cxd4 e5 11. 0-0 exd4 12. Nxd4 Nc6 13. Ba3 Ne7 14. Rb1 Re8 15. Bxb7 Bxb7 16. Rxb7 Nd5 17. Qf3 Nf6 18. Nc6 Qd3 19. Bb2 Qe4 20. Qxe4 Nxe4 21. Bxg7 Kxg7 22. Rxa7 Rxa7 23. Nxa7 Ra8 24. Nc6 Rxa2 25. Nd4 g5 26. f3 Nd2 27. Rf2 h5 28. Kg2 Rb2 29. e4 Kg6 30. h3 Nc4 31. Rxb2 Nxb2 32. Nf5 Nd3 33. h4 gxh4 34. Nxh4+ Kg5 35. Kf1 Nb2 36. Ke2 Nc4 37. Nf5 Kf6 38. f4 Na3 39. Ne3 Nb5 40. e5+ Ke6 41. Kf3 f5 42. Nc2 Kd5 43. Ke3 Nc3 44. Kd3 Ne4 45. Ne3+ Ke6 46. Nf1 Kd5 47. Ke3 Ke6 48. Kf3 Kd5 49. Ne3+ Ke6 50. Nc2 Nd2+ 51. Ke2 Ne4 52. Nd4+ Kd5 53. Nxf5 Ke6 54. Ng7+ 1-0

[Event "Titled Tuesday intern op 4th Aug 10am"]
[Site "Chess.com INT"]
[Date "2020.08.04"]
[Round "7"]
[White "Rodriguez, Santiago"]
[Black "Rego, Vinicius Vilela"]
[Result "0-1"]
[WhiteElo "2252"]
[BlackElo "2301"]
[PlyCount "48"]
[EventDate "2020.08.04"]
[EventType "swiss (blitz)"]
[EventRounds "10"]
[EventCountry "USA"]
[SourceTitle "CBM 197 Extra"]
[Source "ChessBase"]
[SourceDate "2020.09.30"]
[SourceVersion "1"]
[SourceVersionDate "2020.09.30"]
[SourceQuality "1"]

1. d4 Nf6 2. Bg5 e6 3. e4 c5 4. d5 d6 5. Nc3 h6 6. Bxf6 Qxf6 7. Nf3 g5 8. Bb5+ Bd7 9. dxe6 Qxe6 10. 0-0 Nc6 11. Nd5 Rc8 12. c3 Bg7 13. Re1 0-0 14. a4 Rfe8 15. Bc4 Qg6 16. Nd2 Ne5 17. Ba2 Nd3 18. Re3 Nxb2 19. Qb3 Nxa4 20. Qxb7 Rcd8 21. Qxa7 Kf8 22. Bb3 Ra8 23. Qxd7 Nxc3 24. Rxa8 Rxa8 0-1

[Event "Titled Tuesday intern op 4th Aug 10am"]
[Site "Chess.com INT"]
[Date "2020.08.04"]
[Round "3"]
[White "Volkov, Maksim"]
[Black "Rego, Vinicius Vilela"]
[Result "1-0"]
[WhiteElo "2163"]
[BlackElo "2301"]
[PlyCount "173"]
[EventDate "2020.08.04"]
[EventType "swiss (blitz)"]
[EventRounds "10"]
[EventCountry "USA"]
[SourceTitle "CBM 197 Extra"]
[Source "ChessBase"]
[SourceDate "2020.09.30"]
[SourceVersion "1"]
[SourceVersionDate "2020.09.30"]
[SourceQuality "1"]

1. d4 Nf6 2. c4 g6 3. Nf3 d6 4. g3 Bg7 5. Bg2 0-0 6. 0-0 c5 7. Nc3 cxd4 8. Nxd4 Nc6 9. Nxc6 bxc6 10. Bxc6 Bh3 11. Bg2 Bxg2 12. Kxg2 Qd7 13. Qd3 Qc6+ 14. Kg1 Rfc8 15. b3 d5 16. Nxd5 Nxd5 17. cxd5 Qc2 18. Rb1 Qxd3 19. exd3 Rd8 20. Re1 Bf6 21. Bb2 Rxd5 22. Bxf6 exf6 23. Rbc1 Rxd3 24. Rc7 a5 25. Ree7 Rf8 26. Ra7 Rd5 27. Kg2 f5 28. h4 h5 29. Kf3 Kg7 30. Rec7 Kf6 31. Ra6+ Kg7 32. Rca7 Rc8 33. Rxa5 Rc3+ 34. Kf4 Rd4+ 35. Ke5 Re4+ 36. Kd5 Rd3+ 37. Kc6 Rf3 38. Rd5 Rxf2 39. Rdd7 Re6+ 40. Kd5 Rf6 41. b4 f4 42. gxf4 R6xf4 43. b5 Rxh4 44. b6 Rb4 45. b7 h4 46. Kc5 Rfb2 47. Rxf7+ Kh6 48. a3 Rb5+ 49. Kc4 Kg5 50. a4 R5b4+ 51. Kc5 h3 52. Rh7 h2 53. a5 Rxb7 54. Raxb7 Rxb7 55. Rxh2 Rb1 56. Ra2 Rc1+ 57. Kd4 Rc8 58. a6 Kh4 59. a7 Ra8 60. Ke5 g5 61. Kf5 g4 62. Kf4 Rf8+ 63. Ke3 Ra8 64. Ra6 Kg3 65. Ke4 Kh3 66. Kf4 Rf8+ 67. Ke3 Ra8 68. Kf2 g3+ 69. Kg1 Rc8 70. Rh6+ Kg4 71. Ra6 Rc1+ 72. Kg2 Rc2+ 73. Kg1 Kh3 74. Rh6+ Kg4 75. a8Q Rc1+ 76. Kg2 Rc2+ 77. Kf1 Rc1+ 78. Ke2 Ra1 79. Qxa1 g2 80. Qg1 Kf4 81. Qxg2 Kf5 82. Rh5+ Kf6 83. Qf3+ Ke6 84. Qg4+ Kd6 85. Rh6+ Ke7 86. Qg7+ Ke8 87. Rh8# 1-0

[Event "Titled Tuesday intern op 21st July"]
[Site "Chess.com INT"]
[Date "2020.07.21"]
[Round "6"]
[White "Rego, Vinicius Vilela"]
[Black "Amanov, Zhanibek"]
[Result "0-1"]
[WhiteElo "2301"]
[BlackElo "2338"]
[PlyCount "102"]
[EventDate "2020.07.21"]
[EventType "swiss (blitz)"]
[EventRounds "10"]
[EventCountry "USA"]
[SourceTitle "CBM 197 Extra"]
[Source "ChessBase"]
[SourceDate "2020.09.30"]
[SourceVersion "1"]
[SourceVersionDate "2020.09.30"]
[SourceQuality "1"]

1. d4 Nf6 2. c4 e6 3. Nf3 Bb4+ 4. Bd2 c5 5. Bxb4 cxb4 6. g3 d6 7. Bg2 0-0 8. 0-0 Nc6 9. a3 bxa3 10. Nxa3 e5 11. dxe5 dxe5 12. Nb5 Bg4 13. h3 Bxf3 14. Bxf3 Qb6 15. b3 Rad8 16. Qc2 a6 17. Bxc6 Qxc6 18. Na3 e4 19. Rad1 e3 20. fxe3 Qc5 21. Qc1 Qe5 22. Kg2 Ne4 23. Rf3 Ng5 24. Rff1 Rxd1 25. Qxd1 Qxe3 26. Qd3 Qe6 27. Rf2 Qxh3+ 28. Kg1 Qe6 29. Kg2 Qc6+ 30. Kh2 Qc5 31. Qf5 Qxa3 32. Qxg5 Qxb3 33. Qe7 Qxc4 34. Qxb7 h6 35. Qf3 Re8 36. Kg2 Qe4 37. Qxe4 Rxe4 38. Kf1 a5 39. Rf5 a4 40. Ra5 Kf8 41. Ra7 h5 42. Kf2 g6 43. Kf3 f5 44. Ra8+ Kf7 45. Ra7+ Kf6 46. Ra6+ Kg5 47. e3 Rb4 48. Ra8 h4 49. gxh4+ Kxh4 50. Rh8+ Kg5 51. Rb8 Rxb8 0-1

[Event "Niteroi op 1st"]
[Site "Niteroi"]
[Date "2019.09.08"]
[Round "7"]
[White "Alboredo, Julia"]
[Black "Rego, Vinicius Vilela"]
[Result "1/2-1/2"]
[WhiteElo "2141"]
[BlackElo "2317"]
[PlyCount "88"]
[EventDate "2019.09.04"]
[EventType "swiss"]
[EventRounds "7"]
[EventCountry "BRA"]
[SourceTitle "EXT 2020"]
[Source "ChessBase"]
[SourceDate "2019.10.17"]
[SourceVersion "1"]
[SourceVersionDate "2019.10.17"]
[SourceQuality "1"]

1. e4 c5 2. Nf3 d6 3. d4 cxd4 4. Nxd4 Nf6 5. Nc3 g6 6. Be3 Bg7 7. f3 0-0 8. Qd2 Nc6 9. 0-0-0 Bd7 10. g4 Ne5 11. Kb1 Qa5 12. Nd5 Qxd2 13. Rxd2 Nxd5 14. exd5 Rfc8 15. g5 Nc4 16. Bxc4 Rxc4 17. Re1 Kf8 18. Bf2 Be5 19. Re4 Rac8 20. Rh4 Kg8 21. c3 b5 22. a3 a5 23. Re2 b4 24. axb4 axb4 25. Nc6 Rxh4 26. Nxe7+ Kf8 27. Bxh4 Kxe7 28. f4 bxc3 29. bxc3 Rxc3 30. fxe5 dxe5 31. Bg3 Rxg3 32. hxg3 Kd6 33. Rf2 Bf5+ 34. Kc1 Kxd5 35. g4 Be6 36. Kd2 Ke4 37. Rf6 Bxg4 38. Rxf7 Bf5 39. Rxh7 Kf4 40. Re7 e4 41. Re8 Kxg5 42. Ke3 Kg4 43. Re5 Kg5 44. Ra5 Kg4 1/2-1/2

[Event "Niteroi op 1st"]
[Site "Niteroi"]
[Date "2019.09.07"]
[Round "6"]
[White "Rego, Vinicius Vilela"]
[Black "Campos, Alexandre Ferreira"]
[Result "1/2-1/2"]
[WhiteElo "2317"]
[BlackElo "2060"]
[PlyCount "103"]
[EventDate "2019.09.04"]
[EventType "swiss"]
[EventRounds "7"]
[EventCountry "BRA"]
[SourceTitle "EXT 2020"]
[Source "ChessBase"]
[SourceDate "2019.10.17"]
[SourceVersion "1"]
[SourceVersionDate "2019.10.17"]
[SourceQuality "1"]

1. c4 c5 2. Nc3 Nc6 3. g3 g6 4. Bg2 Bg7 5. d3 Nf6 6. e4 d6 7. Nge2 e5 8. 0-0 Be6 9. Nd5 Qd7 10. Bh6 0-0 11. Nxf6+ Bxf6 12. Bxf8 Rxf8 13. Rb1 h5 14. a3 a5 15. Qd2 Kg7 16. Nc3 h4 17. Nd5 Bd8 18. f4 hxg3 19. hxg3 exf4 20. gxf4 Nd4 21. Ne3 Bg4 22. Rf2 Bh4 23. Qxa5 Rh8 24. Qc3 Bxf2+ 25. Kxf2 Qe7 26. Nf1 Qh4+ 27. Ng3 Bf3 28. Rh1 Qxf4 29. Qc1 Qf6 30. Rxh8 Bxg2+ 31. Kxg2 Qf3+ 32. Kh3 Kxh8 33. Qf1 Qxf1+ 34. Nxf1 Ne2 35. Kg4 Nc1 36. d4 cxd4 37. Nd2 Kg7 38. b4 f6 39. b5 Kf7 40. a4 Ke7 41. a5 Kd7 42. Kf3 Nd3 43. Ke2 Nc5 44. Nf3 Nxe4 45. Nxd4 Nc5 46. Ke3 d5 47. cxd5 Kd6 48. Ne6 Kxd5 49. Nf4+ Kc4 50. a6 Nxa6 51. bxa6 bxa6 52. Nxg6 1/2-1/2